| 000 | 00441nam a2200193Ia 4500 | ||
|---|---|---|---|
| 005 | 20240823020517.0 | ||
| 008 | 240823s9999||||xx |||||||||||||| ||und|| | ||
| 020 | _a0-07-060495-9 | ||
| 041 | _aENGLISH | ||
| 082 | _A428.2 P5 | ||
| 100 | _a"Ehrlich,Eugene" | ||
| 245 | 0 | _aEnglish Grammar | |
| 250 | _a3rd | ||
| 260 |
_c2005 _b"Tata Mcgraw Hill,New " |
||
| 500 | _aYES | ||
| 650 |
_aGrammar _bEnglish |
||
| 942 | _cBK | ||
| 999 |
_c174920 _d174920 |
||